000 00293nam a22001337a 4500
008 170502b xxu||||| |||| 00| 0 eng d
020 _a9780534563585
041 _aeng
080 _27 ED
_a343.9
100 _a13
101 _aSHJ
245 _aCRIMINAL LAW
_cSAMAHA.J
942 _2udc
_cBK
999 _c12473
_d12473